| 000 | 01128nam a22003257a 4500 | ||
|---|---|---|---|
| 001 | BR0305046 | ||
| 003 | BR-BrBNA | ||
| 005 | 20230928101418.0 | ||
| 007 | ta | ||
| 008 | 230509b bl.||||| |||| 00| 0 por d | ||
| 040 |
_aBR-BrBNA _bpor _cBiblioteca Nacional de Agricultura |
||
| 041 | _a(Por) | ||
| 072 | _aS20; S40; E14 | ||
| 090 | _ S20 BR0305046 | ||
| 110 | 1 | _aEmpresa Brasileira de Pesquisa Agropecuária, Brasília, DF (Brasil) | |
| 111 | 1 |
_aEncontro de trabalho sobre estratégias e planos de ação para fortificação de alimentos no Brasil _cBrasília, DF (Brazil) _d9-10 Dec 1997 |
|
| 245 | 1 | _aEncontro de trabalho sobre estratégias e planos de ação para a fortificação de alimentos no Brasil (vitamina A, ferro, iodo); relatório final | |
| 260 | 3 |
_aBrasília, DF (Brasil): _c1997. |
|
| 300 | _a63 p. | ||
| 500 | _a5 ref. | ||
| 650 | _aNUTRIÇÃO HUMANA | ||
| 650 | _aVALOR NUTRITIVO | ||
| 650 | _aEFICIÊNCIA NUTRICIONAL | ||
| 650 | _aPROTEÍNA | ||
| 650 | _aVITAMINA | ||
| 650 | _aPROGRAMA DE NUTRIÇÃO | ||
| 650 | _aPLANEJAMENTO | ||
| 909 |
_a202309 _bLucia _c55 _dLucia Elande |
||
| 942 | _cBK | ||
| 999 |
_c65703 _d65703 |
||